00781nam a2200241Ia 4500003000400000005001700004008004100021020001800062040000700080041000800087082001700095100004000112245005700152250000600209260003600215300001500251365001400266650001900280906005900299942001200358999001900370952015000389OSt20230508150223.0210423s2011 xx 000 0 und d a9788181477880 cAL aeng a530 LANL223 aLANDAU (L D);LIFSHITZ (E M).999963 aCourse of theoretical physics: V3-quantum mechanics. a3 aNew DelhibElsevier Indiac2011 axv,677bPB b1195cINR aPhysics999964 aCourse ; mechanics. ; physics:V3-quantum ; theoretical 2ddccBK c162477d162477 001040708PHYaSACPGbSACPGd2013-10-30eHigginbothams Pvt Ltdg1195.00l1o530 LANLpPG008970r2024-03-19 00:00:00s2024-03-06w2021-04-26yBK